|
|
|
|
| LEADER |
02997nam a2200421 i 4500 |
| 001 |
28544 |
| 003 |
BD-DhAAL |
| 005 |
20151117020001.0 |
| 008 |
141110s2014 nyuab b 001 0 eng |
| 010 |
|
|
|a 2013038525
|
| 020 |
|
|
|a 9780393922080
|
| 020 |
|
|
|a 9780393922073 (hardcover : alk. paper)
|
| 020 |
|
|
|a 9780393123760 (pbk. : alk. paper)
|
| 040 |
|
|
|a DLC
|b eng
|c DLC
|e rda
|d DLC
|d BD-DhAAL
|
| 050 |
0 |
0 |
|a D21
|b .T53 2014
|
| 082 |
0 |
0 |
|a 909
|2 23
|
| 999 |
|
|
|c 33029
|d 33029
|
| 999 |
|
|
|c 33029 | 33029
|
| 999 |
|
|
|c 33029
|
| 100 |
1 |
|
|a Tignor, Robert L.
|9 6003
|
| 245 |
1 |
0 |
|a Worlds together, worlds apart, volume 1 :
|b beginnings through the fifteenth century /
|c Robert Tignor, Jeremy Adelman, Stephen Aron, Peter Brown, Benjamin Elman, Stephen Kotkin, Xinru Liu, Suzanne Marchand, Holly Pittman, Gyan Prakash, Brent Shaw, Michael Tsin.
|
| 250 |
|
|
|a Fourth edition.
|
| 260 |
|
|
|a New York ;
|a London :
|b W. W. Norton and Company
|c 2014
|
| 300 |
|
|
|a xlvii, (various pagings) :
|b illustrations, maps ;
|c 29 cm
|
| 504 |
|
|
|a Includes bibliographical references and index.
|
| 541 |
|
|
|e 28544
|
| 650 |
|
0 |
|a World history.
|9 6004
|
| 775 |
0 |
8 |
|i Reproduction of:
|t Worlds together, worlds apart
|d New York : W.W. Norton & Co., c2011
|
| 942 |
|
|
|2 ddc
|c BK
|0 14
|
| 952 |
|
|
|0 0
|1 0
|2 ddc
|4 0
|6 909_000000000000000_TIG
|7 0
|9 44020
|a BRACUL
|b BRACUL
|c GEN
|d 2014-11-10
|g 8430.00
|l 23
|m 168
|o 909 TIG
|p 3010028544
|r 2021-11-09
|s 2020-03-10
|t 2
|w 2014-11-10
|y BK
|
| 952 |
|
|
|0 0
|1 0
|2 ddc
|4 0
|6 909_000000000000000_TIG
|7 0
|9 44021
|a BRACUL
|b BRACUL
|c GEN
|d 2014-11-10
|g 8430.00
|l 29
|m 145
|o 909 TIG
|p 3010028543
|r 2022-02-08
|s 2020-03-10
|t 1
|w 2014-11-10
|y BK
|
| 952 |
|
|
|0 0
|1 0
|2 ddc
|4 0
|6 909_000000000000000_TIG
|7 0
|9 44334
|a BRACUL
|b BRACUL
|c GEN
|d 2014-12-04
|e Karim International
|g 8430.00
|l 25
|m 156
|o 909 TIG
|p 3010028672
|r 2022-03-22
|s 2020-01-15
|t 3
|w 2014-12-04
|y BK
|
| 952 |
|
|
|0 0
|1 0
|2 ddc
|4 0
|6 909_000000000000000_TIG
|7 0
|9 53354
|a BRACUL
|b BRACUL
|c GEN
|d 2015-03-30
|e Karim International
|g 8950.00
|l 20
|m 149
|o 909 TIG
|p 3010029053
|r 2022-05-10
|s 2022-03-15
|t 4
|w 2015-03-30
|y BK
|
| 952 |
|
|
|0 0
|1 0
|2 ddc
|4 0
|6 909_000000000000000_TIG
|7 0
|9 53355
|a BRACUL
|b BRACUL
|c GEN
|d 2015-03-30
|e Karim International
|g 8950.00
|l 26
|m 107
|o 909 TIG
|p 3010029054
|r 2022-05-22
|s 2022-04-07
|t 5
|w 2015-03-30
|y BK
|
| 952 |
|
|
|0 0
|1 0
|2 ddc
|4 0
|6 909_000000000000000_TIG
|7 0
|9 53356
|a BRACUL
|b BRACUL
|c GEN
|d 2015-03-30
|e Karim International
|g 8950.00
|l 24
|m 197
|o 909 TIG
|p 3010029055
|r 2025-10-26
|s 2025-06-18
|t 6
|w 2015-03-30
|y BK
|
| 952 |
|
|
|0 0
|1 0
|2 ddc
|4 0
|6 909_000000000000000_TIG
|7 0
|9 53357
|a BRACUL
|b BRACUL
|c GEN
|d 2015-03-30
|e Karim International
|g 8950.00
|l 19
|m 132
|o 909 TIG
|p 3010029056
|r 2022-12-31
|s 2022-12-11
|t 7
|w 2015-03-30
|y BK
|
| 952 |
|
|
|0 0
|1 0
|2 ddc
|4 0
|6 909_000000000000000_TIG
|7 0
|9 53358
|a BRACUL
|b BRACUL
|c GEN
|d 2015-03-30
|e Karim International
|g 8950.00
|l 22
|m 176
|o 909 TIG
|p 3010029057
|r 2022-11-22
|s 2022-11-02
|t 8
|w 2015-03-30
|y BK
|
| 952 |
|
|
|0 0
|1 0
|2 ddc
|4 0
|6 909_000000000000000_TIG
|7 0
|9 53359
|a BRACUL
|b BRACUL
|c GEN
|d 2015-03-30
|e Karim International
|g 8950.00
|l 26
|m 138
|o 909 TIG
|p 3010029058
|r 2022-05-29
|s 2022-03-20
|t 9
|w 2015-03-30
|y BK
|